00289nam a2200109Ia 4500008004100000082001800041100002000059245004200079250000800121260003300129650001700162150201s2011 xx 000 0 und d a614.015bB11V aVASUDEVEN, D.M. aTB OF BIOCHEMISTRY: REVUSION EXERCISE a6TH bJAYPEE BROTHERSaDELHIc2011 aBIOCHEMISTRY